000 00893nam a22002777i 4500
001 IT\ICCU\SBL\0561281
003 ItRI
005 20260119141006.0
008 910930s1976 it |||||| ||||| |||||c
015 _2IT
_a764691
040 _bita
_cArcigay Viterbo
041 7 _aita
_2ISO-639-2
082 _a342.2
_217
082 _a324.630945
_219
100 1 _aRuffini, Edoardo
_0IT\ICCU\CFIV\013338
_4aut
245 1 3 _aIl principio maggioritario :
_bprofilo storico /
_cEdoardo Ruffini.
260 _aMilano :
_bAdelphi,
_c1976
300 _a139 p. ;
_c18 cm
500 _aIn appendice: Cinquant'anni di ritardo / di Severino Caprioli.
650 7 _aElezioni
_xSistema maggioritario
_2scbi
700 1 _aCaprioli, Severino
_0IT\ICCU\CFIV\003184
830 0 _aPiccola biblioteca Adelphi ;
_v35
_0IT\ICCU\CFI\0003745
942 _2ddc
_cBK
_n0
981 1 _6z01
_ai
_bxxxe
982 1 _6z01
_an
999 _c22173
_d22173